Biografía del estado moderno
محفوظ في:
| المؤلف الرئيسي: | |
|---|---|
| التنسيق: | كتاب |
| اللغة: | الإسبانية |
| منشور في: |
Ciudad de México
Fondo de Cultura Económica
1965
|
| سلاسل: | Colección Popular, 63
|
| الموضوعات: | |
| الوسوم: |
إضافة وسم
لا توجد وسوم, كن أول من يضع وسما على هذه التسجيلة!
|
MARC
| LEADER | 00000nam a2200000 a 4500 | ||
|---|---|---|---|
| 001 | UCP9986 | ||
| 003 | CL-VaPUC | ||
| 008 | 000407e19650000MX |||||||||||||||||spa|d | ||
| 082 | 0 | 4 | |a 320.1 |b CRO |2 21 |
| 100 | 0 | |a Crossman, R. H |e author |9 441000 | |
| 245 | 1 | 0 | |a Biografía del estado moderno |
| 300 | |a 386 p | ||
| 942 | |c BK | ||
| 945 | |d 20000407 00:00:00 |a rherrera | ||
| 260 | |a Ciudad de México |b Fondo de Cultura Económica |c 1965 | ||
| 650 | 7 | |a ESTADO MODERNO |2 CL-VaPUC |9 395321 | |
| 650 | 0 | |a Historia política |9 256974 | |
| 650 | 0 | |a Revolución inglesa |9 441001 | |
| 650 | 0 | |a Revolución francesa |9 324244 | |
| 650 | 7 | |a REVOLUCION NORTEAMERICANA |2 CL-VaPUC |9 434723 | |
| 650 | 0 | |a Revolución industrial |9 309422 | |
| 650 | 0 | |a Liberalismo |9 255715 | |
| 650 | 0 | |a Socialismo |9 255260 | |
| 650 | 0 | |a Fascismo |9 255687 | |
| 650 | 0 | |a Segunda Guerra Mundial |9 325982 | |
| 583 | |a last modification |c 20180226 01:12:00 |k Rodrigo Vera | ||
| 490 | 0 | |a Colección Popular, 63 | |
| 999 | |c 286766 |d 286764 | ||
| 952 | |0 0 |1 0 |4 0 |6 320_100000000000000_CRO_1965 |7 0 |8 A |9 332886 |a BIBHIS |b BIBHIS |d 2019-11-20 |i 1263927 |o 320.1 CRO 1965 |p 1263927 |r 2025-01-20 |w 2019-11-20 |y BK |k HIS | ||
| 952 | |0 0 |1 0 |4 0 |6 320_100000000000000_CRO_1965 |7 0 |8 A |9 332887 |a BIBHIS |b BIBHIS |d 2019-11-20 |i 1263935 |o 320.1 CRO 1965 |p 1263935 |r 2025-01-20 |w 2019-11-20 |y BK |k HIS | ||